Переписка с разными учреждениями о реквизиции помещений, принадлежащих украинским организациям. Заявления о возвращении реквизир...

Доступно только в Электронных читальных залах Найти на картеНа карте
RUSMARC
00003825nac2a22002533x 450
001ab354476-45ae-4b62-bbba-04fff3a7fd3b
00520190226082410.0
100##$a20190110l 1919k y0rusy50 ca
1010#$arus
102##$aRU
105##$ay z |||e|
2001#$aПереписка с разными учреждениями о реквизиции помещений, принадлежащих украинским организациям. Заявления о возвращении реквизированных помещений
$j28 февраля 1918 - 31 января 1919
215##$a7 листов
251##$cДело
300##$aНа папке дела: 29 февраля 1918 г. - 31 января 1919 г.
300##$aВ деле имеются телеграммы
300##$aМашинописный и рукописный текст
324##$aВ деле имеются копии отдельных документов
461#0$10010f0e3429-2e37-4fb4-ace0-6332d350a692
$12001
$aМинистерство внутренних дел Российского правительства. Омск
$1251
$cФонд
$1852
$j1700
$gР
462#0$1001fc526e9e-3b76-4f4f-9aa4-d2ea0e927c42
$12001
$aДепартамент Государственного призрения. 1918-1920 гг.
$vД. 11
$1251
$cОпись
$1852
$j6
60102$3RU\NLR\AUTH\8810247804
$aВременное Сибирское правительство
$bМинистерство внутренних дел
801#0$aRU
$bGA_RF
801#1$aRU
$bГлавНИВЦ
$c20190110
$2rusmarc
801#2$aRU
$bПБ им. Б.Н. Ельцина
$c20190226
$gRCR
$2rusmarc
852##$aГА РФ
$j11
937##$d126135625
$hПБ
035##$aRuPRLIB51054631
856##$uhttp://readingroom.main.prlib.ru/item.aspx?id_node=n126135625&mode=full
Формат отображения